Didáctica de la biología: aportes a su desarrollo

保存先:
書誌詳細
第一著者: Iafrancesco Villegas, Giovanni Marcello (著者)
フォーマット: 図書
言語:スペイン語
出版事項: Bogotá Magisterio 2005
シリーズ:Colección Didácticas
主題:
タグ: タグ追加
タグなし, このレコードへの初めてのタグを付けませんか!

MARC

LEADER 00000nam a2200000 a 4500
001 UCI1089
003 CL-VaPUC
008 070615e20050000CK |||||||||||||||||spa|d
020 |a 9582008105 
082 0 4 |a 570.7  |b IAF  |2 21 
100 |a Iafrancesco Villegas, Giovanni Marcello  |e author  |9 521417 
245 1 0 |a Didáctica de la biología: aportes a su desarrollo 
300 |a 163 p 
942 |c BK 
945 |d 20070615 00:00:00  |a jtorresc 
260 |a Bogotá  |b Magisterio  |c 2005 
650 0 |a Enseñanza de la biología  |9 338701 
650 0 |a Métodos de enseñanza  |9 270413 
583 |a last modification  |c 20170822 12:13:51  |k Rodrigo Vera 
490 0 |a Colección Didácticas 
999 |c 326002  |d 326000 
952 |0 0  |1 0  |4 0  |6 570_700000000000000_IAF_2005  |7 0  |8 A  |9 407594  |a BIBEDU  |b BIBEDU  |d 2019-11-22  |i 434684K  |o 570.7 IAF 2005  |p 434684K  |r 2019-11-22  |w 2019-11-22  |y BK  |k EBA 
952 |0 0  |1 0  |4 0  |6 570_700000000000000_IAF_2005  |7 0  |8 A  |9 407595  |a BIBCUR  |b BIBCUR  |d 2019-11-22  |i 4768620  |o 570.7 IAF 2005  |p 4768620  |r 2025-04-22  |w 2019-11-22  |y BK  |k MDC